000 00480nam a2200169Ia 4500
999 _c934
_d934
020 _a81-7062-032-5
082 _a306.2095 SOC;
245 0 _aSocial sciences and the government: the Asian scene
260 _aNew Delhi
_bLancer International
_c1987
300 _a140p.
650 _aSocial sciences - Political aspects - Asia
650 _aPolitical sociology
650 _aSocial sciences - Research - Asia
700 _aNarain, Iqbal
700 _aAtal, Yogesh
942 _cBK